AU LIBRARIES
Centralized Library System Across Seven Campuses

Public Finance and Public Policy (Record no. 47523)

MARC details
000 -LEADER
fixed length control field 00475nam a22001817a 4500
005 - DATE AND TIME OF LATEST TRANSACTION
control field 20260505140452.0
008 - FIXED-LENGTH DATA ELEMENTS--GENERAL INFORMATION
fixed length control field 260505b |||||||| |||| 00| 0 eng d
020 ## - INTERNATIONAL STANDARD BOOK NUMBER
ISBN 978-1319105259
082 ## - DEWEY DECIMAL CLASSIFICATION NUMBER
Classification number 336
Author Mark GRU-P
100 ## - MAIN ENTRY--AUTHOR
Author Name Gruber, Jonathan
245 ## - TITLE STATEMENT
Title Public Finance and Public Policy
250 ## - EDITION STATEMENT
Edition statement 6th Ed
Edition Volume Vol-I, Vol-II
260 ## - PUBLICATION, DISTRIBUTION, ETC.
Place of Publication New York, NY
Name of publisher, distributor, etc. Worth Publishers
Date of publication, distribution, etc. 2019
300 ## - PHYSICAL DESCRIPTION
Pages 1115 p.
500 ## - GENERAL NOTE
General note Includes index.
650 ## - SUBJECT ADDED ENTRY--TOPICAL TERM
Subject / Department Public Finance
942 ## - ADDED ENTRY ELEMENTS (KOHA)
Koha item type Book
Holdings
Withdrawn status Lost status Damaged status Not for loan Collection code Permanent Location Current Location Shelving Location Date acquired Source of acquisition Price Inventory number Total Checkouts Full Call Number Accession No./Barcode Date last seen Koha item type
        Finance Air University Kharian Campus Library Air University Kharian Campus Library Finance 04/09/2026 Ali Book Services 4534.00 KA/10221   336 GRU-P AUKHP0655 05/05/2026 Book
        Finance Air University Kharian Campus Library Air University Kharian Campus Library Finance 04/09/2026 Ali Book Services 4534.00 KA/10221   336 GRU-P AUKHP0656 05/05/2026 Book
Air University Sector E-9, Islamabad Pakistan
Email: librarian@au.edu.pk  Tel : +0092 51 9262612 Ext: 631